[Event "Championnat de France - Open C"]
[Site "Chartres"]
[Date "2005.??.??"]
[Round "5.4"]
[White "Hadjadj, Maurice"]
[Black "Katzahian, Michel"]
[Result "0-1"]
[WhiteElo "1700"]
[BlackElo "1638"]
[PlyCount "102"]
[EventDate "2005.??.??"]

1. e4 e5 2. Nf3 d6 3. d4 exd4 4. Nxd4 c5 5. Nf5 Bxf5 6. exf5 Be7 7. Bb5+ Nd7 8.
O-O a6 9. Bc4 Ngf6 10. Nc3 O-O 11. Nd5 Nxd5 12. Bxd5 Rb8 13. Re1 Nb6 14. Bf3
Bf6 15. c3 Nc4 16. g3 Ne5 17. Bd5 Qd7 18. f4 Nc6 19. g4 Rbe8 20. Be3 Kh8 21. g5
Bd8 22. Qg4 Ne7 23. Be4 d5 24. Bc2 d4 25. cxd4 cxd4 26. Rad1 Bb6 27. h3 f6 28.
Bf2 Ng8 29. Re6 Bc5 30. b4 Ba7 31. h4 Rc8 32. Bb3 Rcd8 33. Kg2 b5 34. Rxa6 Qb7+
35. Qf3 Qxa6 36. Be6 Qd6 37. a3 Bb6 38. Rc1 Ne7 39. Kg3 d3 40. Bc5 Bxc5 41.
bxc5 Qc6 42. Qf2 Ra8 43. gxf6 Rxf6 44. Qb2 Nxf5+ 45. Bxf5 Rxf5 46. Qd4 Rd5 47.
Qb4 d2 48. Rd1 Rd3+ 49. Kh2 Raxa3 50. Rxd2 Rh3+ 51. Kg1 Qh1+ 0-1

[Event "Championnat de France - Open C"]
[Site "Chartres"]
[Date "2005.??.??"]
[Round "5.5"]
[White "Jorda, Thomas"]
[Black "Saint-Paul, Guillaume"]
[Result "0-1"]
[WhiteElo "1700"]
[BlackElo "1620"]
[PlyCount "63"]
[EventDate "2005.??.??"]

1. e4 e6 2. Nf3 d5 3. e5 c5 4. b4 cxb4 5. a3 bxa3 6. d4 Nc6 7. c3 a6 8. Bd3 b5
9. O-O Bb7 10. Bxa3 Bxa3 11. Nxa3 Nge7 12. Ng5 h6 13. Qh5 g6 14. Qh3 Nf5 15. f4
Ke7 16. Nf3 Kd7 17. g4 Nfe7 18. Rfb1 Qc7 19. Qf1 Rhb8 20. Nd2 Na5 21. Nb3 Nxb3
22. Rxb3 Bc6 23. f5 gxf5 24. gxf5 Rg8+ 25. Kh1 {#} 25... Qxe5 26. Nxb5 axb5 27.
Rxa8 Bxa8 28. Bxb5+ Kc7 29. Bd3 Qe3 30. Be2 Nxf5 31. Qd1 Nh4 32. Qf1 0-1

[Event "Championnat de France - Vétérans"]
[Site "Chartres"]
[Date "2005.08.20"]
[Round "5.1"]
[White "Guillaumat, Jean-Pierre"]
[Black "Goldenberg, Richard"]
[Result "0-1"]
[WhiteElo "2034"]
[BlackElo "2305"]
[PlyCount "91"]
[EventDate "2005.??.??"]

1. d4 Nf6 2. Nf3 c5 3. d5 b5 4. e3 Bb7 5. c4 g6 6. Nc3 b4 7. Nb1 Bg7 8. Bd3 O-O
9. O-O d6 10. Nbd2 e5 11. e4 Nh5 12. Re1 Nf4 13. Nf1 Nd7 14. a4 a5 15. Ra2 Bc8
16. b3 Ra7 17. Ng3 h6 18. Bb1 Re8 19. Be3 Qf6 20. Qc1 Nf8 21. Bxf4 exf4 22. Ne2
g5 23. Kh1 Ng6 24. Nfg1 Ne5 25. f3 Rae7 26. Qd2 Ng6 27. Rf1 Bd7 28. Bd3 Kf8 29.
g3 h5 30. Kg2 Bh6 31. Qb2 Re5 32. Rf2 Kg7 33. Kh1 Rg8 34. Rg2 Kf8 35. h3 fxg3
36. Nxg3 Nf4 37. Bf1 h4 38. N3e2 Nxg2 39. Bxg2 Bg7 40. Qd2 Bh6 41. Ra1 Rxe4 42.
Rf1 Re7 43. f4 gxf4 44. Nxf4 Ke8 45. Nh5 Qxf1 46. Bxf1 0-1

[Event "Championnat de France - Vétérans"]
[Site "Chartres"]
[Date "2005.08.20"]
[Round "5.2"]
[White "Oger, Claude"]
[Black "Leitner, Walter"]
[Result "0-1"]
[WhiteElo "2002"]
[BlackElo "2097"]
[PlyCount "150"]
[EventDate "2005.??.??"]

1. e4 c6 2. d4 d5 3. e5 Bf5 4. Nf3 e6 5. Be2 c5 6. c3 Nc6 7. O-O h6 8. Kh1 Qb6
9. a4 c4 10. Na3 Na5 11. Nd2 Rc8 12. b4 cxb3 13. Bb5+ Kd8 14. Nxb3 Nxb3 15.
Qxb3 a6 16. a5 Qxa5 17. Be2 Qc7 18. c4 dxc4 19. Nxc4 b5 20. Ne3 Be4 21. Bd2 Qb7
22. Ba5+ Ke8 23. Rfc1 Ne7 24. Bd2 Bc6 25. Qa2 Ra8 26. Qc2 h5 27. Kg1 Kd7 28.
Ba5 Rc8 29. Qd2 g6 30. Ra2 Bh6 31. Qb4 Qb8 32. Rac2 Bxe3 33. fxe3 Nd5 34. Qd2
Bb7 35. e4 Ne7 36. Rc5 Bxe4 37. Rc7+ Rxc7 38. Rxc7+ Ke8 39. Qf4 Bf5 40. Qc1 Qd8
41. Bb4 Qxd4+ 42. Kf1 Qxb4 43. Rc8+ Nxc8 44. Qxc8+ Ke7 45. Qxh8 Qf4+ 46. Ke1
Be4 47. Qb8 Qc1+ 48. Kf2 Qc6 49. Qh8 Qb7 50. Qf6+ Ke8 51. Qh8+ Kd7 52. Qf8 Qc6
53. Qxf7+ Kc8 54. Qf8+ Kb7 55. Qe7+ Kb6 56. Qd8+ Qc7 57. Qf6 Bf5 58. h3 Qc5+
59. Kf1 Qd4 60. Qh8 Ka5 61. Qb8 Bd3 62. Qc7+ Ka4 63. Qd6 Bxe2+ 64. Kxe2 Qc4+
65. Kd2 b4 66. Ke3 b3 67. Qd7+ Ka3 68. Qd6+ Ka2 69. Qd2+ Kb1 70. Qa5 b2 71. g4
hxg4 72. hxg4 g5 73. Kf3 Kc2 74. Ke3 b1=Q 75. Qd2+ Kb3 0-1

[Event "Championnat de France - Vétérans"]
[Site "Chartres"]
[Date "2005.08.20"]
[Round "5.3"]
[White "Jouhaneau, Jacques"]
[Black "Rosenfeld, Imre"]
[Result "0-1"]
[WhiteElo "1928"]
[BlackElo "2047"]
[PlyCount "109"]
[EventDate "2005.??.??"]

1. c4 e5 2. Nc3 Nf6 3. Nf3 Nc6 4. g3 Bb4 5. a3 Bxc3 6. bxc3 O-O 7. d4 d6 8. Qb3
e4 9. Nh4 h6 10. Ng2 Na5 11. Qa2 Be6 12. d5 Bd7 13. a4 b6 14. Ne3 Bc8 15. Ba3
Ba6 16. Bb4 Nb7 17. Bg2 Re8 18. Qc2 Qe7 19. O-O Nd7 20. a5 Nbc5 21. axb6 axb6
22. Bxc5 Nxc5 23. Ra3 Bb7 24. Rfa1 g6 25. Qc1 h5 26. Nc2 Rxa3 27. Rxa3 Ba6 28.
Ne3 Ra8 29. Qa1 Qe8 30. Nc2 Kf8 31. Nd4 Qc8 32. Nb5 Ke7 33. h4 Kd8 34. Qc1 Qd7
35. Qg5+ Kc8 36. Kh2 Kb7 37. Bh3 Qe8 38. Qf6 Bxb5 39. Rxa8 Kxa8 40. cxb5 Kb7
41. c4 {=} 41... Nb3 42. Qc3 Na5 43. g4 hxg4 44. Bxg4 f5 45. Bh3 Qe7 46. Qh8
Nxc4 47. h5 Qh4 48. Qe8 Qxf2+ 49. Kh1 Qe1+ 50. Kh2 Qxe2+ 51. Kh1 Qe1+ 52. Kh2
Qf2+ 53. Kh1 Ne5 54. hxg6 e3 55. g7 0-1

[Event "Championnat de France - Vétérans"]
[Site "Chartres"]
[Date "2005.??.??"]
[Round "5.5"]
[White "Fayolle, Guy"]
[Black "Peyrin, Jean"]
[Result "0-1"]
[WhiteElo "1920"]
[BlackElo "2059"]
[PlyCount "132"]
[EventDate "2005.??.??"]

1. e4 c5 2. Nf3 e6 3. d4 cxd4 4. Nxd4 Nc6 5. Nb5 d6 6. Bf4 e5 7. Be3 Nf6 8.
N1c3 a6 9. Na3 Rb8 10. f3 b5 11. Nd5 Nxd5 12. Qxd5 Qc7 13. Qd2 Be7 14. Be2 O-O
15. O-O Be6 16. b4 Rfd8 17. c3 d5 18. exd5 Rxd5 19. Qb2 f5 20. Bd1 Rd3 21. Re1
Rbd8 22. Bb3 Bxb3 23. Qxb3+ Kh8 24. Rad1 {#} 24... Rxe3 25. Rxd8+ Qxd8 26. Rxe3
Qb6 27. c4 f4 28. c5 Bxc5 29. bxc5 Qxc5 30. Qf7 Qxe3+ 31. Kf1 Qd3+ 32. Kg1 Qd8
33. Qe6 Qa8 34. Nc2 h6 35. h3 a5 36. Ne1 b4 37. Nd3 a4 38. Nxe5 Nxe5 39. Qxe5
b3 40. axb3 axb3 41. Qb5 Qa7+ 42. Kh2 Qe3 43. h4 Kg8 44. h5 Kf7 45. Qb7+ Kf6
46. Qc6+ Qe6 47. Qc3+ Qe5 48. Qxb3 Qxh5+ 49. Kg1 Qe5 50. Qb6+ Kg5 51. Qd8+ Qf6
52. Qd7 h5 53. Kh2 Qe5 54. Qd8+ Kh6 55. Qd7 g5 56. Kh3 Kg6 57. Qc8 Qf5+ 58.
Qxf5+ Kxf5 59. Kh2 Ke5 60. Kh3 Kd4 61. Kh2 Ke3 62. Kg1 Ke2 63. Kh2 Kf2 64. Kh3
Ke2 65. Kh2 g4 66. fxg4 hxg4 0-1

[Event "Championnat de France - Vétérans"]
[Site "Chartres"]
[Date "2005.08.20"]
[Round "5.6"]
[White "Louis, Andre"]
[Black "Mengus, Charles"]
[Result "1/2-1/2"]
[WhiteElo "1963"]
[BlackElo "1885"]
[PlyCount "75"]
[EventDate "2005.??.??"]

1. c4 Nf6 2. Nc3 g6 3. g3 Bg7 4. Bg2 O-O 5. e3 a5 6. Nge2 Na6 7. a3 Rb8 8. d4
d6 9. O-O Bd7 10. Rb1 c5 11. Bd2 Qc8 12. Nd5 Nxd5 13. cxd5 b6 14. Re1 e5 15.
dxc5 Nxc5 16. Rc1 Qa6 17. Nc3 Nd3 18. Bf1 e4 19. Nxe4 f5 20. Nc3 f4 21. Qe2
fxg3 22. hxg3 Nxe1 23. Qxa6 Nf3+ 24. Kg2 Nxd2 25. Bd3 Nb3 26. Rd1 Nc5 27. Qc4
b5 28. Qh4 b4 29. axb4 Rxb4 30. Qh1 Rxb2 31. Ne4 Nxe4 32. Bxe4 Rbxf2+ 33. Kg1
Bb5 34. Bg2 a4 35. Qh3 Be5 36. Qe6+ R2f7 37. Qg4 Bd7 38. Qb4 1/2-1/2

[Event "Championnat de France - Accession"]
[Site "Chartres"]
[Date "2005.08.21"]
[Round "6.1"]
[White "Libiszewski, Fabien"]
[Black "Chernuschevich, Alexei"]
[Result "1/2-1/2"]
[WhiteElo "2413"]
[BlackElo "2530"]
[PlyCount "20"]
[EventDate "2005.??.??"]

1. e4 c5 2. Nf3 e6 3. d4 cxd4 4. Nxd4 a6 5. c4 Nf6 6. Nc3 d6 7. Be2 Be7 8. O-O
O-O 9. Be3 Nbd7 10. Qd2 Qc7 1/2-1/2

[Event "Championnat de France - Accession"]
[Site "Chartres"]
[Date "2005.08.21"]
[Round "6.2"]
[White "Prie, Eric"]
[Black "Manouck, Thierry"]
[Result "1-0"]
[WhiteElo "2464"]
[BlackElo "2273"]
[PlyCount "111"]
[EventDate "2005.??.??"]

1. d4 d6 2. e4 Nf6 3. Nc3 Nbd7 4. f4 e5 5. Nf3 exd4 6. Qxd4 c6 7. Be3 d5 8.
exd5 Bc5 9. Qd3 Qe7 10. Kd2 Nxd5 11. Nxd5 cxd5 12. Re1 O-O 13. Kc1 Nf6 14. a3
a5 15. Bxc5 Qxc5 16. Qd4 b6 17. Bd3 Bg4 18. Qxc5 bxc5 19. Ne5 Bc8 20. c4 d4 21.
Be2 Bb7 22. Bf3 Bxf3 23. gxf3 Rfc8 24. Nd3 a4 25. Re7 Ne8 26. Rhe1 Nd6 27. Rd7
Nxc4 28. Ree7 Rf8 29. Nxc5 Rac8 30. Rc7 Ne3 31. Kd2 Nd5 32. Rxc8 Rxc8 33. Rd7
Nxf4 34. Rxd4 g5 35. Nxa4 Rc6 36. h4 Ne6 37. Rb4 Rd6+ 38. Ke3 h6 39. hxg5 hxg5
40. Nc3 Kg7 41. a4 f5 42. a5 Kf6 43. Rb5 Nf4 44. Rb6 Ke5 45. Rxd6 Kxd6 46. b4
Kc6 47. b5+ Kc5 48. b6 Kc6 49. Ne2 Nd5+ 50. Kd4 Ne7 51. Kc4 g4 52. f4 Nc8 53.
Nd4+ Kb7 54. Nxf5 Ne7 55. Nxe7 g3 56. Kb5 1-0

[Event "Championnat de France - Accession"]
[Site "Chartres"]
[Date "2005.08.21"]
[Round "6.3"]
[White "Gozzoli, Yannick"]
[Black "Giffard, Nicolas"]
[Result "1/2-1/2"]
[WhiteElo "2444"]
[BlackElo "2330"]
[PlyCount "92"]
[EventDate "2005.??.??"]

1. d4 Nf6 2. c4 e6 3. Nf3 Bb4+ 4. Nc3 c5 5. g3 Nc6 6. Bg2 Ne4 7. Qd3 Qa5 8. d5
Nxc3 9. bxc3 Bxc3+ 10. Bd2 Bxd2+ 11. Nxd2 Ne5 12. Qc2 O-O 13. O-O Rb8 14. a4 b6
15. h3 exd5 16. cxd5 Ba6 17. f4 {=} 17... Ng6 18. Ne4 f5 19. Nd6 Ne7 20. Kh2
Rf6 21. Nb5 Nc8 22. e4 fxe4 23. Bxe4 h6 24. Bf5 Ne7 25. Be4 Rbf8 26. Rfe1 Nc8
27. Bg2 Kh8 28. Nc7 Nd6 29. Re7 Nf5 30. Rae1 Nxe7 31. Rxe7 b5 32. Qxc5 Qxa4 33.
Rxd7 Bc8 34. Re7 b4 35. Nb5 a6 36. Nd6 Bd7 37. Ne4 R6f7 38. Rxf7 Rxf7 39. Qc7
Qa2 40. Qd8+ Kh7 41. Nd6 Rf5 42. Qxd7 Rxd5 43. Qe6 Rd2 44. Qe4+ Kg8 45. Qe8+
Kh7 46. Qe4+ Kg8 1/2-1/2

[Event "Championnat de France - Accession"]
[Site "Chartres"]
[Date "2005.08.21"]
[Round "6.4"]
[White "Housieaux, David"]
[Black "Gharamian, Tigran"]
[Result "0-1"]
[WhiteElo "2329"]
[BlackElo "2412"]
[PlyCount "84"]
[EventDate "2005.??.??"]

1. d4 Nf6 2. c4 c5 3. d5 b5 4. cxb5 a6 5. bxa6 g6 6. Nc3 Bxa6 7. g3 Bg7 8. Bg2
d6 9. Nf3 O-O 10. O-O Nfd7 11. Bd2 Nb6 12. b3 Bb7 13. e4 Na6 {=} 14. Qc1 Re8
15. Bh6 Bh8 16. a3 Nc7 17. Rd1 Qd7 18. Ra2 Reb8 19. Ng5 Qe8 20. f4 Nd7 21. h3
Ba6 22. Qc2 Ra7 23. e5 dxe5 24. f5 Nb5 25. Nxb5 Bxb5 26. d6 Nf6 27. Qxc5 Rd7
28. Rad2 exd6 29. Rxd6 gxf5 30. a4 Rxd6 31. Qxd6 Bd7 32. Bd5 Nxd5 33. Rxd5 Be6
34. Nxe6 fxe6 35. Rb5 Rd8 36. Qc7 Bf6 37. Kf2 f4 38. gxf4 Qg6 39. Rb8 Bh4+ 40.
Kf1 Qd3+ 41. Kg1 Qg3+ 42. Kh1 Qf3+ 0-1

[Event "Championnat de France - Accession"]
[Site "Chartres"]
[Date "2005.08.21"]
[Round "6.5"]
[White "Govciyan, Pavel"]
[Black "Colin, Vincent"]
[Result "1/2-1/2"]
[WhiteElo "2328"]
[BlackElo "2368"]
[PlyCount "59"]
[EventDate "2005.??.??"]

1. d4 e6 2. Nf3 Nf6 3. g3 c5 4. c4 cxd4 5. Nxd4 Qc7 6. Nc3 a6 7. Bg5 Bb4 8.
Bxf6 Bxc3+ 9. bxc3 gxf6 10. Qb3 Nc6 11. Qa3 b6 12. Nb5 axb5 13. Qxa8 Na5 14.
Qf3 f5 15. Qf4 Qc6 16. f3 Nxc4 17. Bh3 d5 18. O-O e5 19. Qg5 Qg6 20. f4 f6 21.
Qxg6+ hxg6 22. Bg2 Bb7 23. Rab1 Bc6 24. Rfd1 Ne3 25. Rd3 Nxg2 26. Kxg2 d4+ 27.
Kg1 Be4 28. cxd4 Bxd3 29. exd3 exf4 30. gxf4 1/2-1/2

[Event "Championnat de France - Accession"]
[Site "Chartres"]
[Date "2005.08.21"]
[Round "6.6"]
[White "Bedouin, Xavier"]
[Black "Terrieux, Kevin"]
[Result "0-1"]
[WhiteElo "2274"]
[BlackElo "2365"]
[PlyCount "66"]
[EventDate "2005.??.??"]

1. e4 c5 2. Nf3 Nc6 3. d4 cxd4 4. Nxd4 e6 5. Nc3 Qc7 6. Be3 a6 7. Qd2 Nf6 8.
O-O-O Bb4 9. f3 h5 10. Kb1 Be7 11. f4 d6 12. Be2 Bd7 13. Rhe1 Rc8 14. Nxc6 Bxc6
15. Bf3 b5 16. a3 a5 17. e5 dxe5 18. Bxc6+ Qxc6 19. fxe5 Nd7 20. Bd4 b4 21.
axb4 axb4 22. Ne4 Ra8 23. Qf4 Ra5 24. Rd3 O-O 25. Rf1 b3 26. cxb3 Ra1+ 27. Kxa1
Qa6+ 28. Kb1 Qxd3+ 29. Kc1 Kh8 30. Nc3 Ra8 31. Na4 Qxb3 32. Nc3 Ra1+ 33. Nb1
Qd3 0-1

[Event "Championnat de France - Accession"]
[Site "Chartres"]
[Date "2005.08.21"]
[Round "6.7"]
[White "Chomet, Pascal"]
[Black "Onkoud, Abdelaziz"]
[Result "1/2-1/2"]
[WhiteElo "2317"]
[BlackElo "2361"]
[PlyCount "47"]
[EventDate "2005.??.??"]

1. e4 c5 2. Nf3 d6 3. d4 cxd4 4. Nxd4 Nf6 5. Nc3 g6 6. Be2 Bg7 7. O-O O-O 8.
Nb3 Nc6 9. Re1 a5 10. Bb5 Be6 11. Bg5 h6 12. Bh4 Qb6 13. a4 Nb4 14. h3 Rac8 15.
Nd4 Bc4 16. Bxc4 Rxc4 17. Ndb5 Rfc8 18. Kh1 d5 19. Bxf6 Bxf6 20. exd5 Qxf2 21.
d6 exd6 22. Rf1 Qh4 23. Qf3 Be5 24. Qxf7+ 1/2-1/2

[Event "Championnat de France - Accession"]
[Site "Chartres"]
[Date "2005.08.21"]
[Round "6.8"]
[White "Dourerassou, Jonathan"]
[Black "Lerch, Patrice"]
[Result "1/2-1/2"]
[WhiteElo "2358"]
[BlackElo "2291"]
[PlyCount "69"]
[EventDate "2005.??.??"]

1. e4 c5 2. Nc3 Nc6 3. Nf3 g6 4. d4 cxd4 5. Nxd4 Bg7 6. Be3 Nf6 7. Bc4 Qa5 8.
O-O O-O 9. Bb3 d6 10. h3 Bd7 11. Re1 Rfe8 12. Qe2 Rac8 13. Rad1 a6 14. Nf3 Ne5
15. Nxe5 Qxe5 16. Bd4 Qg5 17. Qf1 Qh4 18. Qd3 b5 19. Bxf6 Bxf6 20. Nd5 Bxb2 21.
c4 Rb8 22. Rb1 Be5 23. Nc7 Rec8 24. Nxa6 bxc4 25. Bxc4 Rxb1 26. Rxb1 Rxc4 27.
Qxc4 Bxh3 28. gxh3 Qxh3 29. Rb8+ Kg7 30. Qc8 Qh2+ 31. Kf1 Qh1+ 32. Ke2 Qxe4+
33. Kf1 Qh1+ 34. Ke2 Qe4+ 35. Kf1 1/2-1/2

[Event "Championnat de France - Accession"]
[Site "Chartres"]
[Date "2005.08.21"]
[Round "6.9"]
[White "Bergez, Luc"]
[Black "Ravot, Sylvain"]
[Result "1/2-1/2"]
[WhiteElo "2353"]
[BlackElo "2265"]
[PlyCount "119"]
[EventDate "2005.??.??"]

1. e4 e5 2. Nf3 Nc6 3. Nc3 Nf6 4. d4 exd4 5. Nxd4 Bb4 6. Nxc6 bxc6 7. Bd3 d5 8.
exd5 cxd5 9. O-O O-O 10. Bg5 c6 11. Na4 h6 12. Bh4 Re8 13. h3 g5 14. Bg3 Ne4
15. Bh2 Qf6 16. c3 Bf8 17. f4 Bf5 18. fxg5 Qxg5 19. Qf3 Bg6 20. Bf4 Qh4 21. c4
Bh5 22. g4 Bg6 23. cxd5 cxd5 24. Rad1 Rad8 25. Bb5 Re6 26. Bc7 Ng5 27. Qg3
Qxg3+ 28. Bxg3 {=} 28... Nxh3+ 29. Kh2 Ng5 30. Nc3 d4 31. Bc4 Red6 32. Ne2 Rc6
33. b3 Bc2 34. Rxd4 Rcc8 35. Bf4 Ne6 36. Bxe6 fxe6 37. Rc1 Bg6 38. Rxd8 Rxd8
39. Rc7 a5 40. Ra7 e5 41. Bc1 Rc8 42. Rd7 Be8 43. Rd1 Bb5 44. Ng3 Rc2+ 45. Kh3
Bc6 46. Nf5 Bf3 47. Rg1 Bc5 48. Be3 Bxe3 49. Nxe3 Rxa2 50. Nc4 Bd5 51. Rd1 Bxc4
52. bxc4 Kf7 53. Rd6 Rc2 54. Rxh6 Rxc4 55. Ra6 Ra4 56. Kh4 Ra1 57. g5 e4 58.
g6+ Kg7 59. Kg5 Rg1+ 60. Kf4 1/2-1/2

[Event "Championnat de France - Accession"]
[Site "Chartres"]
[Date "2005.08.21"]
[Round "6.10"]
[White "Bijaoui, Manuel"]
[Black "Delorme, Alban"]
[Result "1/2-1/2"]
[WhiteElo "2338"]
[BlackElo "2254"]
[PlyCount "76"]
[EventDate "2005.??.??"]

1. e4 c5 2. Nf3 Nc6 3. Bb5 Nf6 4. e5 Ng4 5. Bxc6 dxc6 6. O-O g6 7. Re1 Bg7 8.
d3 O-O 9. b3 Nh6 10. Nc3 b6 11. Bf4 Nf5 12. Qd2 Nd4 13. Nxd4 cxd4 14. Ne4 Qd5
15. c4 dxc3 16. Nxc3 Qd8 17. d4 Be6 18. Bh6 Bd5 19. h4 Qd7 20. Bxg7 Kxg7 21.
Qf4 Rad8 22. Re3 Qf5 23. Qxf5 gxf5 24. Rc1 e6 25. Ne2 f6 26. Nf4 fxe5 27. Rxe5
Kf6 28. Nxd5+ cxd5 29. Rc6 Rfe8 30. g3 h5 31. b4 Re7 32. f3 Rg8 33. Kf2 Kf7 34.
b5 Rg7 35. Re3 Kf6 36. Re5 Kf7 37. Rd6 Rg8 38. Rc6 Rg7 1/2-1/2

[Event "Championnat de France - Accession"]
[Site "Chartres"]
[Date "2005.08.21"]
[Round "6.11"]
[White "Robin, Samy"]
[Black "Edouard, Romain"]
[Result "0-1"]
[WhiteElo "2231"]
[BlackElo "2334"]
[PlyCount "90"]
[EventDate "2005.??.??"]

1. d4 Nf6 2. Nc3 d5 3. e4 dxe4 4. f3 exf3 5. Nxf3 c6 6. Bc4 Bf5 7. Ne5 e6 8.
O-O Bg6 9. Be3 Nbd7 10. Nxg6 hxg6 11. Qf3 Qc7 12. h3 Bd6 13. Ne2 O-O 14. Nf4 {=
} 14... Nd5 15. Nxd5 exd5 16. Bd3 Rae8 17. Bf2 Nf6 18. Rae1 Nh5 19. Rxe8 Rxe8
20. Re1 Rxe1+ 21. Bxe1 Nf4 22. Bf1 Ne6 23. c3 f5 24. Bd2 Bf4 25. Bxf4 Qxf4 26.
Qxf4 Nxf4 27. Kf2 Kf7 28. Ke3 Nh5 29. Kf3 Ke6 30. Bd3 Nf6 31. Kf4 Ne4 32. h4
Nf2 33. Bc2 Kf6 34. Kf3 Ng4 35. Kf4 Nh6 36. Bd3 Nf7 37. Bc2 Nd8 38. g4 fxg4 39.
Kxg4 Nf7 40. Bd3 Nh6+ 41. Kf4 Nf5 42. h5 gxh5 43. Be2 g5+ 44. Kf3 g4+ 45. Kf4
Nh4 0-1

[Event "Championnat de France - Accession"]
[Site "Chartres"]
[Date "2005.08.21"]
[Round "6.12"]
[White "Bleunven, Andre"]
[Black "Monroy, Charles"]
[Result "0-1"]
[WhiteElo "2247"]
[BlackElo "2328"]
[PlyCount "102"]
[EventDate "2005.??.??"]

1. d4 Nf6 2. Nf3 e6 3. c4 b6 4. g3 Ba6 5. Nbd2 Bb4 6. Qc2 Bb7 7. Bg2 Be4 8. Qd1
Bxd2+ 9. Qxd2 O-O 10. O-O d6 11. b3 Nbd7 12. Bb2 Qe7 13. Ne1 Bxg2 14. Nxg2 {=}
14... d5 15. Rac1 Rac8 16. cxd5 exd5 17. Rc6 Rfe8 18. Nf4 Nb8 19. Rc2 a5 20.
Re1 Na6 21. a3 c6 22. f3 Nb8 23. Nd3 Qe6 24. Nf2 Nbd7 25. Rec1 Rc7 26. Kg2 Nb8
27. Nd3 Rce7 28. Re1 Nfd7 29. h3 f5 30. g4 Nf8 31. Qg5 fxg4 32. hxg4 Ng6 33.
Ne5 Nxe5 34. dxe5 c5 35. e3 Nc6 36. f4 d4 37. exd4 Qxb3 38. Rd2 Nxd4 39. Bxd4
cxd4 40. Red1 Rd7 41. Rd3 Qd5+ 42. Kg3 Qc6 43. Re1 Qc5 44. Qf5 Rd5 45. Rh1 g6
46. Qe4 Kg7 47. e6 Qd6 48. Re1 Kf6 49. Qh1 Rxe6 50. Rxe6+ Qxe6 51. g5+ Kg7 0-1

[Event "Championnat de France - Accession"]
[Site "Chartres"]
[Date "2005.08.21"]
[Round "6.13"]
[White "Lepelletier, Benoit"]
[Black "Feller, Sebastien"]
[Result "1/2-1/2"]
[WhiteElo "2459"]
[BlackElo "2282"]
[PlyCount "126"]
[EventDate "2005.??.??"]

1. e4 c5 2. Ne2 Nc6 3. Nbc3 e6 4. d4 cxd4 5. Nxd4 Qc7 6. g3 a6 7. Bg2 d6 8. O-O
Bd7 9. Re1 Be7 10. Nxc6 Bxc6 11. Qg4 h5 12. Qe2 h4 13. a4 hxg3 14. hxg3 Nf6 15.
Be3 Rc8 16. a5 Kf8 17. Bb6 Qb8 18. Rab1 Nd7 19. Bd4 Bf6 20. Bxf6 gxf6 21. b4
Qc7 22. Qd2 Rh5 23. Rbd1 Ke7 24. Nd5+ Bxd5 25. exd5 Qxc2 26. dxe6 Qxd2 27. Rxd2
fxe6 28. Bxb7 Rb8 29. Bxa6 Rxb4 30. Ra2 Rc5 31. Bf1 Rc7 32. Bh3 Nc5 33. Bxe6
Nxe6 34. Rae2 Kf7 35. Rxe6 Ra4 36. Rxd6 Rxa5 37. Re4 Rf5 38. g4 Re7 39. Rb4 Rg5
40. f3 Kg7 41. Kf2 Rf7 42. Rf4 Ra5 43. Kg3 Rc5 44. Rfd4 Ra5 45. f4 Kg6 46. Rd7
Rxd7 47. Rxd7 Ra1 48. f5+ Kh6 49. Rf7 Ra6 50. Rf8 Kg7 51. Re8 Kf7 52. Rb8 Kg7
53. Kh4 Ra1 {=} 54. Rb7+ Kh6 55. Rf7 Ra6 56. Rf8 Kg7 57. Re8 Rb6 58. Kh5 Rb7
59. Ra8 Rc7 60. Ra6 Rb7 61. g5 fxg5 62. Rg6+ Kf7 63. Kxg5 Rb1 1/2-1/2

[Event "Championnat de France - Accession"]
[Site "Chartres"]
[Date "2005.08.21"]
[Round "6.14"]
[White "Collas, Didier"]
[Black "Van Elst, Andreas"]
[Result "1-0"]
[WhiteElo "2425"]
[BlackElo "2263"]
[PlyCount "91"]
[EventDate "2005.??.??"]

1. e4 c5 2. a3 Nf6 3. e5 Nd5 4. d4 cxd4 5. Qxd4 e6 6. c4 Nc6 7. Qe4 f5 8. Qe2
Qa5+ 9. Bd2 Ndb4 10. Bc3 Nd4 11. axb4 Qxa1 12. Qh5+ g6 13. Qd1 Nc6 14. b5 Nb4
15. Nf3 a6 16. Be2 axb5 17. O-O bxc4 18. Bxc4 Nc6 19. Qd2 Qa7 20. Na3 Bxa3 21.
bxa3 Qc5 22. Be2 O-O 23. Bb2 {=} 23... b6 24. h4 Qe7 25. Rb1 Ba6 26. Bc1 Bxe2
27. Qxe2 Qc5 28. Bb2 Ra5 29. Rd1 Qe7 30. Rd6 Rd5 31. Rxd5 exd5 32. Qd2 d4 33.
Bxd4 Nxd4 34. Qxd4 Qe6 35. h5 gxh5 36. Qh4 Rc8 37. Qxh5 Qg6 38. Qh4 Qg4 39. Qe7
Rc1+ 40. Kh2 Qf4+ 41. g3 Qh6+ 42. Nh4 Rc2 43. Qd8+ Qf8 44. Qxb6 Qxa3 45. Nxf5
Rc8 46. Qf6 1-0

[Event "Championnat de France - Accession"]
[Site "Chartres"]
[Date "2005.08.21"]
[Round "6.15"]
[White "Philippe, Christophe"]
[Black "Flament, Francois"]
[Result "1/2-1/2"]
[WhiteElo "2411"]
[BlackElo "2183"]
[PlyCount "69"]
[EventDate "2005.??.??"]

1. e4 c5 2. Nf3 Nc6 3. c3 d5 4. exd5 Qxd5 5. d4 Nf6 6. Be3 cxd4 7. cxd4 e6 8.
Nc3 Qd6 9. a3 Be7 10. Bd3 O-O 11. O-O a6 12. Qe2 b5 13. Rad1 b4 14. axb4 Nxb4
15. Bb1 Bb7 16. Ne5 Rfd8 17. f4 g6 18. Bf2 Nbd5 19. Bh4 Rac8 20. Be1 Qb6 21.
Kh1 Nb4 22. Qe3 Nbd5 23. Qe2 Nb4 24. Bh4 Nbd5 25. Qd2 Ba8 26. Ba2 Nxc3 27. bxc3
Ne4 28. Qe1 Bxh4 29. Qxh4 Nxc3 30. Rd2 Nxa2 31. Qf6 Qb7 32. Rxa2 h5 33. Rb2 Qc7
34. h3 Rf8 35. f5 1/2-1/2

[Event "Championnat de France - Accession"]
[Site "Chartres"]
[Date "2005.08.21"]
[Round "6.16"]
[White "Gregoire, Sylvain"]
[Black "Olivier, Jean-Christophe"]
[Result "0-1"]
[WhiteElo "2265"]
[BlackElo "2373"]
[PlyCount "78"]
[EventDate "2005.??.??"]

1. Nf3 Nf6 2. g3 d5 3. Bg2 c6 4. d3 Nbd7 5. Nbd2 e5 6. e4 dxe4 7. dxe4 Be7 8.
O-O O-O 9. b3 Qc7 10. Bb2 Rd8 11. Qe2 Ne8 12. Nc4 f6 13. Nh4 b5 14. Ne3 a5 15.
a4 bxa4 16. Qc4+ Kf8 17. Nhf5 Nb6 18. Qe2 Bb4 19. f4 Ba6 20. Nc4 axb3 21. cxb3
Nxc4 22. bxc4 Rd2 23. Qh5 Rxb2 24. Qxh7 Bxc4 25. Rfc1 Rxg2+ 26. Kxg2 Bf1+ 27.
Rxf1 Rd8 28. h4 exf4 29. Rxf4 Qf7 30. Kh3 Rd7 31. h5 Qg8 32. Qg6 Qf7 33. Qg4
Bd2 34. Rf2 Bg5 35. e5 Qd5 36. Kh2 Qxe5 37. h6 gxh6 38. Nh4 Bxh4 39. Qxd7 Bxg3+
0-1

[Event "Championnat de France - Accession"]
[Site "Chartres"]
[Date "2005.08.21"]
[Round "6.17"]
[White "Therkildsen, Thomas"]
[Black "Boudre, Jean-Pierre"]
[Result "1-0"]
[WhiteElo "2264"]
[BlackElo "2359"]
[PlyCount "49"]
[EventDate "2005.??.??"]

1. e4 e5 2. Nf3 Nc6 3. Nc3 Nf6 4. Bb5 Nd4 5. Bc4 Bc5 6. d3 d6 7. h3 c6 8. a3
Be6 9. Be3 O-O 10. Bxe6 fxe6 11. Bxd4 Bxd4 12. Nxd4 exd4 13. Ne2 e5 14. O-O Qb6
15. Ng3 g6 16. f4 Qc7 17. fxe5 dxe5 18. Qd2 Qg7 19. Rf3 Nd7 20. Raf1 Qe7 21.
Qa5 Rxf3 22. Rxf3 Nc5 23. Nf1 b6 24. Qe1 Rf8 25. Nd2 {
et gain des blancs au 86e coup...} 1-0

[Event "Championnat de France - Accession"]
[Site "Chartres"]
[Date "2005.08.21"]
[Round "6.18"]
[White "Vernay, Clovis"]
[Black "Bolding, Klaus"]
[Result "1-0"]
[WhiteElo "2238"]
[BlackElo "2340"]
[PlyCount "59"]
[EventDate "2005.??.??"]

1. d4 Nf6 2. c4 e6 3. Nc3 Bb4 4. Qc2 c5 5. dxc5 Bxc5 6. Nf3 Nc6 7. Bg5 h6 8.
Bh4 g5 9. Bg3 Nh5 10. e3 Nxg3 11. hxg3 f5 12. g4 Qf6 13. gxf5 g4 14. Nh4 Nb4
15. Qe4 O-O 16. Qxg4+ Qg5 17. Qe2 exf5 18. a3 Nc6 19. g3 d6 20. Nd5 Bd7 21. b4
Qg7 22. Rd1 Bb6 23. Bg2 Bd8 24. Nf3 Ne5 25. Nf4 Bc7 26. Nd4 Ng4 27. Kf1 Ba4 28.
Rc1 Rfe8 29. Nxf5 Qg5 30. Qxg4 1-0